| 000 | 00571nam a2200193 i 4500 | ||
|---|---|---|---|
| 001 | 108531 | ||
| 003 | ES-MaACL | ||
| 005 | 20250805003353.0 | ||
| 007 | t| | ||
| 008 | 061121s1967 sp r ||||1| spa d | ||
| 100 | 1 |
_aMontesinos, José F. _982596 |
|
| 245 | 1 | 0 |
_aEstudios sobre Lope de Vega / _cJosé F. Montesinos. |
| 250 | _aNueva ed. | ||
| 260 |
_aMadrid : _bAnaya, _c[1967] |
||
| 300 |
_aXVIII , 330 p. ; _c24 cm. |
||
| 600 | 1 | 4 |
_aVega, Lope de, _d1562-1635- _xCrítica e interpretación _9113565 |
| 852 |
_aES-MaACL _jG-4524 _bR.64303 |
||
| 999 |
_c108531 _d108531 |
||